000 00439nam a2200169Ia 4500
005 20221123114905.0
008 131103s9999 xx 000 0 und d
040 _aLoreto College
041 _aEnglish
082 _a954.03
_bVIV-CHI
100 _aChattopadhyaya, Rajagopal
245 _aSwami Vivekananda in the West
_cRajagopal Chattopadhyaya
300 _avi,94p
650 _aVivekananda Swamiji
850 _aLCLIB
942 _cBK
999 _c18370
_d68849